000 00745nai a2200205Ia 4500
003 IN-BaIIA
008 211028c9999 xx s 000 0 eng d
022 _a1536-1241 (Print)
022 _a1558-2639 (Online)
040 _cIIA Library
245 0 _aIEEE Transactions on NanoBioscience
_h[eJournal]
260 _aNew York, USA
_bThe Institute of Electrical and Electronics Engineers, Inc. (IEEE)
310 _aQuarterly
362 _a99(1); 2002 - Present
521 _bSubscribed through National Knowledge Resource Consortium (NKRC)
650 _a Components, Circuits, Devices and Systems
650 _aBioengineering
856 _uhttps://ieeexplore.ieee.org/servlet/opac?punumber=7728
_yClick Here to Access eJournal
942 _cEJ
999 _c34706
_d34706